| 000 | 00904nam a2200253Ia 4500 | ||
|---|---|---|---|
| 003 | OSt | ||
| 005 | 20221005113255.0 | ||
| 006 | a|||||r|||| 00| 0 | ||
| 007 | ta | ||
| 008 | 221004b |||||||| |||| 00| 0 pan d | ||
| 020 |
_a8173805040 (hbk) _c250 |
||
| 024 | _a2702 | ||
| 037 |
_b694, 16/01/2013, Bright Book Service _cTextual |
||
| 040 |
_aCRL _cCRL _bpan |
||
| 041 |
_2pan _apan |
||
| 082 | _aV236:51y7L17, 153Q1 | ||
| 100 | _aਗੰਡਾ ਸਿੰਘ | ||
| 245 | 0 | _aਸਰਦਾਰ ਜੱਸਾ ਸਿੰਘ ਆਹਲੂਵਾਲੀਆ | |
| 260 |
_aਪਟਿਆਲਾ _bਪੰਜਾਬੀ ਯੂਨੀਵਰਸਿਟੀ ਭਾਰਤ _c2011 |
||
| 300 |
_a236ਪੰ _ccm. |
||
| 650 | _aਭਾਰਤੀਯ ਇਤਿਹਾਸ | ||
| 942 |
_hV236:51y7L17, 153Q1 _cTEXL _2cc |
||
| 999 |
_c1027618 _d1027618 |
||